=LDR 00000nam 2200000 4500 =001 INLIS000000000006386 =005 20220610021901 =035 ##$$a 0010-0622000247 =245 1#$$a Part Makers Turn to Health Applications Power Storage Grows to New Fields /$c TETSUO HIRAYAMA =100 1#$$a HIRAYAMA, Tetsuo =250 ##$$a Edisi Vol. 19, Serial No. 212 May 2014 =300 ##$$a 57 halaman : $b Tabel, Gambar ; $c 21x28 cm =260 ##$:$b Dempa Asia Electronics Industry,$c 2014 =082 ##$$a 050.37 =084 ##$$a 050.37 HIR p =500 ##$$a Technology Focus : All-in-one Oscilloscope Leads T&M Race 3D FEM, Circuit Redesign Trim Switch Connector =990 ##$$a 15/MJ-16